| 000 | 00336 a2200145 4500 | ||
|---|---|---|---|
| 001 | 47288 | ||
| 003 | NUST | ||
| 082 |
_a355.95491 _bKHA 1963 |
||
| 100 |
_aFazal Muqeem, K _9108687 |
||
| 245 |
_aThe story of the pakistan army _cFazal M Khan |
||
| 260 |
_aKarachi _bOxford |
||
| 300 | _a250p. | ||
| 500 | _aPhotocopy | ||
| 942 |
_aNUST _2ddc |
||
| 999 |
_c593146 _d593146 |
||